Vainqueurs de la Coupe du monde des clubs de la FIFA - Statistiques

Statistiques générales
  • Ce quiz a été pris 353 fois
    157 depuis la dernière actualisation
  • Le résultat moyen est 16 sur 20
Statistiques - réponses
Année Vainqueur % Correct
2021 Chelsea FC
98%
2025 Chelsea FC
98%
2014 Real Madrid
98%
2016 Real Madrid
98%
2017 Real Madrid
98%
2018 Real Madrid
98%
2022 Real Madrid
98%
2009 FC Barcelone
94%
2011 FC Barcelone
94%
2015 FC Barcelone
94%
2013 Bayern Munich
90%
2020 Bayern Munich
90%
2019 Liverpool FC
90%
2023 Manchester City
90%
2007 AC Milan
86%
2008 Manchester United
84%
2010 Inter Milan
79%
2005 São Paulo FC
18%
2012 SC Corinthians
18%
2006 SC Internacional
4%
Aucun quiz correspondant
Distribution des résultats
% des personnes avec chaque résultat
Percentile par nombre de réponses
Votre historique - résultats
Vous n’avez pas pris ce quiz depuis la dernière actualisation